|
|
|
|
| LEADER |
00000nam a2200000 a 4500 |
| 001 |
vtls001407477 |
| 003 |
SK-MaSNL |
| 005 |
20260301071916.0 |
| 008 |
240314s2000 xo 0 slo |
| 015 |
|
|
|a SNBJ2001/01-00515
|
| 035 |
|
|
|a SNK000362133
|
| 040 |
|
|
|a SNK
|b slo
|c SNK
|e AACR2
|
| 044 |
|
|
|a xo
|c SK
|
| 080 |
|
|
|a 791.43-24(437.6)(086.8)
|2 1981
|
| 100 |
1 |
|
|a Hečko, František,
|d 1905-1960
|4 aut
|9 106870
|
| 245 |
1 |
0 |
|a Červené víno
|h videozáznam
|b trojdielna filmová sága o osudoch slovenského vinohradníckeho rodu Habdžovcov nakrúteného podľa rovnomenného románu slovenského spisovateľa Frantička Hečku
|n 1
|c réžia Andrej Lettrich
|
| 260 |
|
|
|a Bratislava
|b Slovenská televízia
|c 2000
|
| 300 |
|
|
|a 1 videokazeta (74 min.)
|b stereo, fareb., VHS systém PAL
|c 10x19 cm
|
| 511 |
|
|
|a Hrajú: Štefan Kvietik, Emília Vášáryová, Ivan Rajniak, Karol Machata, Zdena Grúberová, Ivan Krivosudský, Vladimír Durdík ml.
|
| 650 |
0 |
7 |
|a filmy historické
|x videokazety
|2 SNK
|9 297112
|
| 655 |
|
7 |
|a videokazety
|2 SNK
|9 70726
|
| 700 |
1 |
|
|a Lettrich, Andrej,
|d 1922-1993
|4 aud
|9 131944
|
| 700 |
1 |
|
|a Kvietik, Štefan,
|d 1934-2025
|4 uci
|9 107501
|
| 700 |
1 |
|
|a Vášáryová, Emília,
|d 1942-
|4 uci
|9 105107
|
| 700 |
1 |
|
|a Rajniak, Ivan,
|d 1931-1999
|4 uci
|9 101896
|
| 700 |
1 |
|
|a Machata, Karol,
|d 1928-2016
|4 uci
|9 50535
|
| 700 |
1 |
|
|a Gruberová, Zdena,
|d 1933-2017
|4 uci
|9 113869
|
| 700 |
1 |
|
|a Krivosudský, Ivan,
|d 1927-2010
|4 uci
|
| 700 |
1 |
|
|a Durdík, Vladimír,
|d 1949-2003
|4 uci
|9 105109
|
| 999 |
|
|
|c 639413
|d 641343
|
| 952 |
|
|
|t P60, <03>, [BOOK], {603}
|a SNK
|b SNK
|y PREZ
|7 0
|p 17A0270940
|o snkSVC 1366/1
|i snkJK 172/2001
|0 0
|1 0
|4 0
|d 2001-02-15
|l 0
|r 2005-01-02 00:00:00
|w 2026-02-23
|